[Event "ARG-ch U16 Girls"]
[Site "Buenos Aires"]
[Date "2019.03.03"]
[Round "5.3"]
[White "Suarez, Maria Eugenia"]
[Black "Bosco, Giuliana"]
[Result "1/2-1/2"]
[WhiteElo "1399"]
[BlackElo "1628"]
[PlyCount "46"]
[EventDate "2019.03.01"]
[EventType "swiss"]
[EventRounds "9"]
[EventCountry "ARG"]
[SourceTitle "EXT 2024"]
[Source "ChessBase"]
[SourceDate "2023.10.10"]
[SourceVersion "1"]
[SourceVersionDate "2023.10.10"]
[SourceQuality "1"]

1. d4 Nf6 2. c4 c5 3. d5 e6 4. Nc3 exd5 5. cxd5 d6 6. e4 g6 7. f4 Bg7 8. Bb5+ Nbd7 9. e5 dxe5 10. fxe5 Nh5 11. e6 Qh4+ 12. Kd2 Qg5+ 13. Kc2 Qf5+ 14. Bd3 Qf2+ 15. Qd2 Qxd2+ 16. Bxd2 fxe6 17. dxe6 Ne5 18. Bb5+ Nc6 19. Nd5 0-0 20. Bxc6 bxc6 21. Nc7 Rb8 22. Rb1 Rb7 23. e7 Bf5+ 1/2-1/2

[Event "ARG-ch sf U2300"]
[Site "General Pico"]
[Date "2018.05.13"]
[Round "4.6"]
[White "Clark, Jorge"]
[Black "Suarez, Maria Eugenia"]
[Result "1/2-1/2"]
[WhiteElo "1711"]
[BlackElo "1331"]
[PlyCount "64"]
[EventDate "2018.05.12"]
[EventType "swiss"]
[EventRounds "6"]
[EventCountry "ARG"]
[SourceTitle "EXT 2024"]
[Source "ChessBase"]
[SourceDate "2023.10.10"]
[SourceVersion "1"]
[SourceVersionDate "2023.10.10"]
[SourceQuality "1"]

1. e4 c5 2. Nf3 d6 3. Nc3 Nc6 4. d4 cxd4 5. Nxd4 Nf6 6. Bc4 g6 7. 0-0 Bg7 8. Be3 Bd7 9. h3 Ne5 10. Bb3 Rc8 11. Qe2 a6 12. f4 Nc6 13. Nxc6 Bxc6 14. e5 Ne4 15. Nxe4 Bxe4 16. c3 0-0 17. Rad1 Qc7 18. exd6 exd6 19. Bd4 Rfe8 20. Qf2 Bxd4 21. Rxd4 d5 22. Rfd1 Qa5 23. Bxd5 Bxd5 24. Rxd5 Qxa2 25. Rd7 Qb3 26. R1d4 Qb5 27. Qd2 Qb6 28. Kh1 Rc7 29. R4d6 Rxd7 30. Rxd7 Qc6 31. Qd6 Re1+ 32. Kh2 Re2 1/2-1/2

[Event "ARG-ch sf U2300"]
[Site "General Pico"]
[Date "2018.05.13"]
[Round "5.4"]
[White "Suarez, Maria Eugenia"]
[Black "Besso, Javier Alejandro"]
[Result "0-1"]
[WhiteElo "1331"]
[BlackElo "1873"]
[PlyCount "99"]
[EventDate "2018.05.12"]
[EventType "swiss"]
[EventRounds "6"]
[EventCountry "ARG"]
[SourceTitle "EXT 2024"]
[Source "ChessBase"]
[SourceDate "2023.10.10"]
[SourceVersion "1"]
[SourceVersionDate "2023.10.10"]
[SourceQuality "1"]

1. d4 Nf6 2. c4 g6 3. Nc3 d5 4. cxd5 Nxd5 5. e4 Nxc3 6. bxc3 c5 7. Bc4 Bg7 8. Ne2 0-0 9. 0-0 Nc6 10. Be3 Bg4 11. f3 Na5 12. Bb3 cxd4 13. cxd4 Nxb3 14. axb3 Bd7 15. Nc3 a6 16. Rc1 Rc8 17. Qd2 e6 18. Na4 Bxa4 19. bxa4 Qd7 20. a5 Rfd8 21. Rxc8 Rxc8 22. Qb4 Bf8 23. Qb3 Be7 24. Rb1 Rc7 25. Qb6 Bd8 26. Qb4 Qe7 27. Qxe7 Bxe7 28. Rb2 Kf8 29. Kf2 Ke8 30. Ke2 Kd7 31. Bf4 Bd6 32. Bxd6 Kxd6 33. Kd3 Kd7 34. Rb4 Ke7 35. Rc4 Rd7 36. Rc8 Kf6 37. h4 h6 38. g4 Re7 39. Kc4 Rd7 40. Kc5 Ke7 41. Kc4 Kf6 42. Kc5 Kg7 43. Kc4 f5 44. Kd3 fxg4 45. fxg4 Rf7 46. h5 gxh5 47. gxh5 Rf3+ 48. Ke2 Rb3 49. Rc5 Kf6 50. Kd2 0-1

[Event "ARG-ch U14 Girls"]
[Site "Villa Martelli"]
[Date "2018.02.09"]
[Round "1.5"]
[White "Suarez, Maria Eugenia"]
[Black "Saldarini, Alenka"]
[Result "0-1"]
[WhiteElo "1206"]
[BlackElo "1526"]
[PlyCount "100"]
[EventDate "2018.02.09"]
[EventType "swiss"]
[EventRounds "9"]
[EventCountry "ARG"]
[SourceTitle "EXT 2024"]
[Source "ChessBase"]
[SourceDate "2023.10.10"]
[SourceVersion "1"]
[SourceVersionDate "2023.10.10"]
[SourceQuality "1"]

1. d4 Nf6 2. c4 g6 3. Nc3 d6 4. e4 Bg7 5. f4 0-0 6. Nf3 c6 7. Bd3 Nbd7 8. 0-0 e5 9. fxe5 dxe5 10. d5 cxd5 11. cxd5 Ng4 12. h3 Qb6+ 13. Kh1 Nf2+ 14. Rxf2 Qxf2 15. b3 Qb6 16. Nb5 a6 17. Ba3 axb5 18. Bxf8 Bxf8 19. Qe2 Nc5 20. Qf2 Qc7 21. Qc2 Qb6 22. Qf2 Qf6 23. Bc2 Qf4 24. Qe2 Bd7 25. Qe1 f5 26. exf5 Bxf5 27. Bxf5 Qxf5 28. Qd1 Nd3 29. Kg1 e4 30. Ne1 Bc5+ 31. Kh2 Qf4+ 32. g3 Qf2+ 33. Ng2 Rxa2 34. Rxa2 Qxa2 35. Qg4 Ne1 36. Qe6+ Kg7 37. Qe5+ Kf8 38. Qf6+ Ke8 39. Qe6+ Kd8 40. Qxe4 Qxg2+ 41. Qxg2 Nxg2 42. Kxg2 Kd7 43. Kf3 Kd6 44. Ke4 Bf2 45. g4 Kc5 46. Ke5 Bg3+ 47. Kf6 Kxd5 48. Kg7 Kc5 49. Kxh7 g5 50. Kg6 Bh4 0-1